<?xml version="1.0" encoding="UTF-8"?>
<record
    xmlns:xsi="http://www.w3.org/2001/XMLSchema-instance"
    xsi:schemaLocation="http://www.loc.gov/MARC21/slim http://www.loc.gov/standards/marcxml/schema/MARC21slim.xsd"
    xmlns="http://www.loc.gov/MARC21/slim">

  <leader>00597nam a2200193   4500</leader>
  <controlfield tag="001">85410</controlfield>
  <controlfield tag="003">BD-RjUL</controlfield>
  <controlfield tag="005">20250803121907.0</controlfield>
  <controlfield tag="008">250803s1954    bg ||||| |||| 00| 0 urd d</controlfield>
  <datafield tag="035" ind1=" " ind2=" ">
    <subfield code="a">(BD-RjUL)85410</subfield>
  </datafield>
  <datafield tag="040" ind1=" " ind2=" ">
    <subfield code="a">BD-RjUL</subfield>
    <subfield code="b">eng</subfield>
    <subfield code="c">BD-RjUL</subfield>
  </datafield>
  <datafield tag="041" ind1=" " ind2=" ">
    <subfield code="a">urd</subfield>
  </datafield>
  <datafield tag="082" ind1=" " ind2=" ">
    <subfield code="2">23</subfield>
    <subfield code="a">891.439</subfield>
    <subfield code="b">RAM 1954</subfield>
  </datafield>
  <datafield tag="245" ind1=" " ind2=" ">
    <subfield code="a">&#x645;&#x646;&#x62A;&#x62E;&#x628;&#x627;&#x62A; &#x627;&#x631;&#x62F;&#x648; &#x644;&#x679;&#x631;&#x6CC;&#x686;&#x631; ;; Muntakhabat-e-Urdu Literature /</subfield>
    <subfield code="c">&#x631;&#x627;&#x62C;&#x634;&#x627;&#x6C1;&#x6CC; &#x6CC;&#x648;&#x646;&#x6CC;&#x648;&#x631;&#x633;&#x679;&#x6CC; ;; Rajshahi University</subfield>
  </datafield>
  <datafield tag="260" ind1=" " ind2=" ">
    <subfield code="a">Rajshahi University:</subfield>
    <subfield code="b">Orient Longmans ,</subfield>
    <subfield code="c">1954</subfield>
  </datafield>
  <datafield tag="300" ind1=" " ind2=" ">
    <subfield code="a">208 p.;</subfield>
    <subfield code="c">17 cm</subfield>
  </datafield>
  <datafield tag="650" ind1=" " ind2=" ">
    <subfield code="a">Urdu Literature</subfield>
  </datafield>
  <datafield tag="942" ind1=" " ind2=" ">
    <subfield code="2">ddc</subfield>
    <subfield code="c">BK</subfield>
  </datafield>
  <datafield tag="999" ind1=" " ind2=" ">
    <subfield code="c">85410</subfield>
    <subfield code="d">85410</subfield>
  </datafield>
  <datafield tag="952" ind1=" " ind2=" ">
    <subfield code="0">0</subfield>
    <subfield code="1">0</subfield>
    <subfield code="2">ddc</subfield>
    <subfield code="4">0</subfield>
    <subfield code="7">1</subfield>
    <subfield code="8">NFIC</subfield>
    <subfield code="a">RUCL</subfield>
    <subfield code="b">RUCL</subfield>
    <subfield code="c">Reading</subfield>
    <subfield code="d">1985-04-02</subfield>
    <subfield code="e">R.U.</subfield>
    <subfield code="l">0</subfield>
    <subfield code="o">U 891.439 RAM 1954</subfield>
    <subfield code="r">2025-08-03 00:00:00</subfield>
    <subfield code="t">C-1</subfield>
    <subfield code="w">2025-08-03</subfield>
    <subfield code="y">BK</subfield>
  </datafield>
</record>
